[Event "Leipzig VfB op 20th"]
[Site "Leipzig"]
[Date "2013.03.09"]
[Round "7"]
[White "Spreer, Lutz"]
[Black "Reinsdorf, Christin"]
[Result "0-1"]
[WhiteElo "1686"]
[BlackElo "1869"]
[PlyCount "54"]
[EventDate "2013.03.05"]
[EventType "swiss"]
[EventRounds "9"]
[EventCountry "GER"]
[SourceTitle "EXT 2014"]
[Source "ChessBase"]
[SourceDate "2013.11.20"]
[SourceVersion "1"]
[SourceVersionDate "2013.11.20"]
[SourceQuality "1"]

1. e4 c6 2. d4 d5 3. Nc3 dxe4 4. Nxe4 Bf5 5. Ng3 Bg6 6. Nf3 Nd7 7. h4 h6 8. Bd3 Bxd3 9. Qxd3 e6 10. Be3 Ngf6 11. 0-0-0 Qc7 12. Qd2 Bd6 13. Ne2 Nd5 14. g3 N7b6 15. Nc3 Nc4 16. Nxd5 cxd5 17. Qe2 Rc8 18. c3 Qa5 19. Kb1 Rc6 20. Nd2 Ra6 21. a3 Nxb2 22. Kxb2 Rb6+ 23. Kc2 Qa4+ 24. Kd3 Qa6+ 25. Nc4 Qxc4+ 26. Kd2 Rb2+ 27. Kc1 Qxc3+ 0-1

[Event "Leipzig VfB op 20th"]
[Site "Leipzig"]
[Date "2013.03.06"]
[Round "3"]
[White "Herrmann, Markus"]
[Black "Reinsdorf, Christin"]
[Result "1-0"]
[WhiteElo "2044"]
[BlackElo "1869"]
[PlyCount "83"]
[EventDate "2013.03.05"]
[EventType "swiss"]
[EventRounds "9"]
[EventCountry "GER"]
[SourceTitle "EXT 2014"]
[Source "ChessBase"]
[SourceDate "2013.11.20"]
[SourceVersion "1"]
[SourceVersionDate "2013.11.20"]
[SourceQuality "1"]

1. d4 c6 2. c4 d5 3. Nf3 Nf6 4. Nc3 e6 5. Bg5 Be7 6. e3 Nbd7 7. Rc1 Qa5 8. cxd5 exd5 9. Bd3 Bd6 10. 0-0 0-0 11. Qc2 h6 12. Bh4 Re8 13. Rfe1 Bb4 14. Nd2 Be7 15. Nb3 Qb6 16. e4 dxe4 17. Nxe4 Nd5 18. Bxe7 Rxe7 19. Qd2 Qd8 20. Bb1 N7f6 21. Ng3 Nb6 22. Qd3 Qe8 23. Red1 Be6 24. Nh5 Nbd5 25. h3 g6 26. Ng3 Kg7 27. Qd2 Rd8 28. Nc5 Bc8 29. Nd3 Nc7 30. Ne1 Be6 31. Nf3 Bd5 32. Ne5 Nd7 33. f4 Nxe5 34. dxe5 Red7 35. Qf2 b6 36. Re1 Re7 37. Re3 c5 38. Rce1 Be6 39. f5 gxf5 40. Nxf5+ Bxf5 41. Qxf5 Ne6 42. Qh7+ 1-0

[Event "Leipzig VfB op 19th"]
[Site "Leipzig"]
[Date "2012.03.08"]
[Round "5"]
[White "Hauff, Andre"]
[Black "Reinsdorf, Christin"]
[Result "0-1"]
[WhiteElo "1984"]
[BlackElo "1849"]
[PlyCount "94"]
[EventDate "2012.03.06"]
[EventType "swiss"]
[EventRounds "9"]
[EventCountry "GER"]
[SourceTitle "CBM 147 Extra"]
[Source "ChessBase"]
[SourceDate "2012.04.24"]
[SourceVersion "1"]
[SourceVersionDate "2012.04.24"]
[SourceQuality "1"]

1. d4 c6 2. c4 d5 3. Nc3 Nf6 4. Nf3 e6 5. Bg5 Be7 6. Qc2 h6 7. Bh4 Qa5 8. Bxf6 Bxf6 9. e3 Nd7 10. cxd5 exd5 11. Bd3 Be7 12. 0-0 0-0 13. Nd2 Nf6 14. f3 Be6 15. e4 dxe4 16. fxe4 Qb6 17. Nb3 Bxb3 18. axb3 Qxd4+ 19. Kh1 Ng4 20. Qe2 Ne5 21. Bc2 Bb4 22. Rad1 Qc5 23. Na4 Qe7 24. Nc3 Rad8 25. h3 Rxd1 26. Nxd1 Bc5 27. b4 Bb6 28. b5 cxb5 29. Nc3 Nc4 30. Nd5 Qe5 31. b3 Nd6 32. Qg4 Bd8 33. Rd1 a6 34. Ne3 Bg5 35. Nd5 Nc8 36. h4 Be7 37. Ne3 Bd6 38. Qh3 Ne7 39. Ng4 Qg3 40. Rxd6 Qxd6 41. e5 Qd2 42. Nf6+ gxf6 43. Qg4+ Ng6 44. Bxg6 fxg6 45. Qxg6+ Kh8 46. exf6 Qe1+ 47. Kh2 Qxh4+ 0-1

[Event "Sachsen-ch U18 Girls"]
[Site "Sebnitz"]
[Date "2007.04.14"]
[Round "7"]
[White "Worch, Stephanie"]
[Black "Reinsdorf, Christin"]
[Result "1/2-1/2"]
[WhiteElo "1284"]
[BlackElo "1577"]
[PlyCount "79"]
[EventDate "2007.04.10"]
[EventType "swiss"]
[EventRounds "7"]
[EventCountry "GER"]
[SourceTitle "EXT 2008"]
[Source "ChessBase"]
[SourceDate "2007.11.25"]
[SourceVersion "1"]
[SourceVersionDate "2007.11.25"]
[SourceQuality "1"]

1. e4 e5 2. Nc3 Nf6 3. Bc4 Nc6 4. Nf3 d6 5. h3 Be7 6. Be2 0-0 7. 0-0 Be6 8. d3 d5 9. a3 d4 10. Nb1 Nd7 11. Nbd2 Bd6 12. Nc4 Bxc4 13. dxc4 Qf6 14. Bd3 a5 15. Bg5 Qg6 16. Bd2 Nc5 17. Nh4 Qe6 18. Nf5 Be7 19. Nxe7+ Nxe7 20. Qf3 f5 21. exf5 Nxf5 22. Qg4 Qf6 23. Qxf5 Qxf5 24. Bxf5 Rxf5 25. f3 Kf7 26. Rab1 b6 27. Rfe1 Re8 28. b4 axb4 29. axb4 Nb7 30. Rf1 Nd6 31. c5 Nc4 32. Bc1 b5 33. Ra1 Kg6 34. g4 Rf6 35. Ra7 c6 36. h4 h6 37. h5+ Kh7 38. Kh2 Ref8 39. Kg3 R8f7 40. Rxf7 1/2-1/2

[Event "Sachsen-ch U18 Girls"]
[Site "Sebnitz"]
[Date "2007.04.10"]
[Round "1"]
[White "Bischoff, Jana"]
[Black "Reinsdorf, Christin"]
[Result "0-1"]
[WhiteElo "1103"]
[BlackElo "1577"]
[PlyCount "112"]
[EventDate "2007.04.10"]
[EventType "swiss"]
[EventRounds "7"]
[EventCountry "GER"]
[SourceTitle "EXT 2008"]
[Source "ChessBase"]
[SourceDate "2007.11.25"]
[SourceVersion "1"]
[SourceVersionDate "2007.11.25"]
[SourceQuality "1"]

1. e4 e5 2. Nf3 Nc6 3. Nc3 Bc5 4. Bc4 Nf6 5. d3 0-0 6. Bg5 Be7 7. Qd2 d6 8. h3 Be6 9. 0-0-0 a6 10. a3 Rb8 11. Bb3 Bxb3 12. cxb3 b5 13. b4 a5 14. Na2 a4 15. Nc3 Qd7 16. Qe3 Rfc8 17. Kb1 Nd8 18. Bxf6 Bxf6 19. Nd5 Qe6 20. Nd2 c6 21. Nc3 d5 22. exd5 cxd5 23. Qe2 Nc6 24. f3 Nd4 25. Qf2 Nf5 26. g4 Ne7 27. Rhe1 Ng6 28. d4 Bh4 29. Qh2 Bxe1 30. Rxe1 f6 31. h4 Qd7 32. dxe5 Nxe5 33. Qe2 Qc6 34. f4 Ng6 35. Qf2 Qd6 36. f5 Ne5 37. g5 Nd3 38. Re6 Qxe6 39. fxe6 Nxf2 40. Nxd5 fxg5 41. Ne7+ Kf8 42. Nxc8 Rxc8 43. hxg5 Nd3 44. Ne4 Ke7 45. g6 hxg6 46. Ng5 Rc1+ 47. Ka2 Rc2 48. Kb1 Rxb2+ 49. Ka1 Rb3 50. Ka2 Nf4 51. Ne4 Nxe6 52. Nd2 Rh3 53. Ne4 g5 54. Kb2 g4 55. Kc1 Rxa3 56. Nf2 g3 0-1

[Event "Sachsen-ch U16 Girls"]
[Site "Sebnitz"]
[Date "2005.03.29"]
[Round "2"]
[White "Reinsdorf, Christin"]
[Black "Sonntag, Gisa"]
[Result "0-1"]
[WhiteElo "1392"]
[BlackElo "1318"]
[PlyCount "68"]
[EventDate "2005.03.29"]
[EventType "swiss"]
[EventRounds "7"]
[EventCountry "GER"]
[SourceTitle "EXT 2007"]
[Source "ChessBase"]
[SourceDate "2006.11.23"]
[SourceVersion "1"]
[SourceVersionDate "2006.11.23"]
[SourceQuality "1"]

1. e4 e5 2. Nf3 Nc6 3. Nc3 Bc5 4. Nxe5 Bxf2+ 5. Kxf2 Nxe5 6. d4 Qf6+ 7. Kg1 Nc6 8. Nd5 Qd8 9. e5 d6 10. Qd3 dxe5 11. dxe5 Be6 12. c4 Nxe5 13. Qg3 Qd6 14. Be3 Bxd5 15. cxd5 Ng6 16. Bb5+ Ke7 17. Qf3 Nf6 18. Rc1 b6 19. Bc6 Rac8 20. Kf2 Rhd8 21. Rhe1 Kf8 22. Rcd1 Qxh2 23. Rh1 Qd6 24. a3 Ne5 25. Qe2 Nxc6 26. dxc6 Qxc6 27. Rc1 Qe6 28. Rc4 Re8 29. Rch4 h5 30. R4h3 Ng4+ 31. Kg1 Rcd8 32. Kf1 Nxe3+ 33. Rxe3 Qxe3 34. Qxe3 Rxe3 0-1

[Event "GER-chT U14 Girls"]
[Site "Dittrichshuette"]
[Date "2004.12.29"]
[Round "4.2"]
[White "Reinsdorf, Christin"]
[Black "Karmann, Anna"]
[Result "0-1"]
[WhiteElo "1496"]
[BlackElo "1618"]
[PlyCount "54"]
[EventDate "2004.12.27"]
[EventType "team"]
[EventRounds "6"]
[EventCountry "GER"]
[SourceTitle "EXT 2006"]
[Source "ChessBase"]
[SourceDate "2005.11.24"]
[SourceVersion "1"]
[SourceVersionDate "2005.11.24"]
[SourceQuality "1"]

1. e4 e5 2. Nf3 Nc6 3. Nc3 Nf6 4. d4 exd4 5. Nd5 Be7 6. Bd3 0-0 7. 0-0 d6 8. h3 Re8 9. b3 Nxd5 10. exd5 Ne5 11. Nxd4 Nxd3 12. Qxd3 Bf6 13. Bb2 Bd7 14. Rab1 a6 15. c3 Qe7 16. Qd2 Qe4 17. Nf3 Bxh3 18. Ne1 Qxb1 19. gxh3 Qg6+ 20. Ng2 Qh5 21. Qd3 Qe2 22. Qb1 Qf3 23. c4 Bxb2 24. Qxb2 Re5 25. Kh2 Rh5 26. Kg1 Qxh3 27. f3 Qg3 0-1

[Event "GER-chT U14 Girls"]
[Site "Greifswald"]
[Date "2003.12.30"]
[Round "7.3"]
[White "Reinsdorf, Christin"]
[Black "Briak, Nicole"]
[Result "1/2-1/2"]
[WhiteElo "1282"]
[BlackElo "1264"]
[PlyCount "99"]
[EventDate "2003.12.27"]
[EventType "team-swiss"]
[EventRounds "7"]
[EventCountry "GER"]
[SourceTitle "EXT 2022"]
[Source "ChessBase"]
[SourceDate "2021.10.06"]
[SourceVersion "1"]
[SourceVersionDate "2021.10.06"]
[SourceQuality "1"]
[WhiteTeam "Delitzsch ESV U14 Girls"]
[BlackTeam "Eberswalde U14 Girls"]
[WhiteTeamCountry "GER"]
[BlackTeamCountry "GER"]

1. e4 d5 2. exd5 Qxd5 3. Nc3 Qa5 4. Nf3 Bg4 5. Be2 Nf6 6. h3 Bh5 7. 0-0 e6 8. d4 c6 9. a3 Bd6 10. Re1 0-0 11. Be3 Nbd7 12. Qd2 e5 13. dxe5 Bxe5 14. Nxe5 Nxe5 15. Bxh5 Nxh5 16. Qe2 Nf6 17. Bd2 Ned7 18. Rad1 Rfe8 19. Qf3 Nd5 20. Ne4 Qc7 21. Qd3 N7f6 22. Nxf6+ Nxf6 23. Rxe8+ Rxe8 24. Be3 h6 25. b4 Nd5 26. Bd4 Nf4 27. Qd2 Ne2+ 28. Kf1 Nxd4 29. Qxd4 Qe7 30. Qd2 Kf8 31. Re1 Qxe1+ 32. Qxe1 Rxe1+ 33. Kxe1 Ke7 34. Ke2 Ke6 35. Kd3 Kd5 36. c4+ Ke5 37. g3 g5 38. a4 b6 39. Ke3 c5 40. b5 f5 41. f4+ gxf4+ 42. gxf4+ Kf6 43. h4 h5 44. Kd3 Ke6 45. Kc3 Kd6 46. Kb3 Kc7 47. a5 bxa5 48. Ka4 Kb6 49. Ka3 a6 50. bxa6 1/2-1/2